US cities with 20 busiest airports - Statistics

General Stats
  • This quiz has been taken 1,066 times
  • The average score is 17 of 20
Answer Stats
Answer % Correct
New York
99%
Los Angeles
97%
Atlanta
96%
Chicago
96%
Miami
96%
Dallas
95%
San Francisco
95%
Boston
93%
Houston
93%
Seattle
93%
Denver
90%
Orlando
86%
Detroit
84%
Philadelphia
83%
Phoenix
83%
Las Vegas
82%
Charlotte
77%
Minneapolis
76%
Newark
57%
Fort Lauderdale
32%
No matching quizzes found
Score Distribution
Percent of People with Each Score
Percentile by Number Answered
Your Score History
You have not taken this quiz